000 00182nam a22000857a 4500
003 SGT
245 _aJOURNAL OF CYTOLOGY
260 _aINDIA
_bWOLTER KLUWAR
_c2009,2008
942 _2ddc
_cBV
999 _c24347
_d24347